Представление документа в формате RUSMARC

ПолеНазваниеЗначение
  Тип записи a
  Библиографический уровень m
001 Контрольный номер RU/CBS_UL/BASE/faa5805f377c477eb80cba082d5f783c
005 Дата корректировки 20260227085809.0
010 Индекс ISBN __
a ISBN 978-5-17-132694-4
b Уточнения в пер.
d Цена 165 р. 17 к.
9 Тираж 3 000 экз.
100 Данные общей обработки __
a Данные общей обработки 20260227d 0rusy0189## ca
101 Язык документа 0_
a Язык текста rus
102 Страна публикации __
a Страна публикации RU
200 Заглавие и сведения об ответственности 1_
a Заглавие Шпион и предатель
e Сведения, относящиеся к заглавию самая громкая шпионская история времен холодной войны
f Первые сведения об ответственности Б. Макинтайр
g Последующие сведения об ответственности пер. с англ. Т. Азаркович
210 Выходные данные 1_
a Место издания Москва
c Издательство АСТ
c Издательство Corpus
d Дата издания 2021
215 Физическое описание __
a Объем 493, [1] с.
d Формат 21,5 см.
225 Серия 2_
a Серия Разведкорпус
225 Серия 2_
a Серия Бестселлер New York Times
300 Общие примечания __
a Общие примечания 16+
600 Персоналии _1
a Персоналии (Фамилия) Гордиевский
b Персоналии (Имя, инициалы) О. А.
606 Тематические рубрики 0_
a Основная рубрика Гордиевский, Олег Антонович (1938-2025)
686 Индексы других классификаций __
2 Код системы rubbk
a Классификационный индекс 67.408
700 Автор _1
a Фамилия Макинтайр
b Имя (инициалы) Б.
g Полное личное имя Бен
801 Источник записи _0
a Страна RU
b Организация МБУК ЦБС г. Ульяновска
c Дата составления 20260227
g Правила каталогизации RCR
801 Источник записи _1
a Страна RU
b Организация МБУК ЦБС г. Ульяновска
c Дата составления 20260227
g Правила каталогизации RCR
852 Данные о местонахождении __
i Авторский знак М 15
j Шифр хранения 67.408
900 Электронные ресурсы __
a Имя электронного ресурса макинтайр шпион и пред
901 Тип документа __
t Тип документа m
909 Создатель записи __
a Создатель записи obr6
b Дата создания записи 20260227